Using SPSS for Windows and Macintosh : (Record no. 2763)

MARC details
000 -LEADER
fixed length control field 00858cam a22002774a 4500
001 - CONTROL NUMBER
control field 13591103
003 - CONTROL NUMBER IDENTIFIER
control field OSt
005 - DATE AND TIME OF LATEST TRANSACTION
control field 20161208133429.0
008 - FIXED-LENGTH DATA ELEMENTS--GENERAL INFORMATION
fixed length control field 040512s2005 njua b 001 0 eng
010 ## - LIBRARY OF CONGRESS CONTROL NUMBER
LC control number 2004050529
020 ## - INTERNATIONAL STANDARD BOOK NUMBER
International Standard Book Number 013146597X
040 ## - CATALOGING SOURCE
Original cataloging agency DLC
Transcribing agency DLC
Modifying agency DLC
042 ## - AUTHENTICATION CODE
Authentication code pcc
050 00 - LIBRARY OF CONGRESS CALL NUMBER
Classification number HA32
Item number .G737 2005
082 00 - DEWEY DECIMAL CLASSIFICATION NUMBER
Classification number 005.72
Edition number 22
Item number GRE 2004
100 1# - MAIN ENTRY--PERSONAL NAME
Personal name Green, Samuel B.; Neil J. Salkind.
Dates associated with a name 1947-
9 (RLIN) 6423
245 10 - TITLE STATEMENT
Title Using SPSS for Windows and Macintosh :
Remainder of title analyzing and understanding data
250 ## - EDITION STATEMENT
Edition statement 4th ed.
260 ## - PUBLICATION, DISTRIBUTION, ETC. (IMPRINT)
Place of publication, distribution, etc. Upper Saddle River;
Name of publisher, distributor, etc. Pearson,
Date of publication, distribution, etc. 2005.
300 ## - PHYSICAL DESCRIPTION
Extent xv, 458 p. :
Other physical details ill. ;
Dimensions 28 cm. + CD
504 ## - BIBLIOGRAPHY, ETC. NOTE
Bibliography, etc Includes bibliographical references and index.
650 #0 - SUBJECT ADDED ENTRY--TOPICAL TERM
Topical term or geographic name as entry element Information systems
9 (RLIN) 6424
650 #0 - SUBJECT ADDED ENTRY--TOPICAL TERM
Topical term or geographic name as entry element Research methods
9 (RLIN) 2296
906 ## - LOCAL DATA ELEMENT F, LDF (RLIN)
a 7
b cbc
c orignew
d 1
e ocip
f 20
g y-gencatlg
942 ## - ADDED ENTRY ELEMENTS (KOHA)
Source of classification or shelving scheme Dewey Decimal Classification
Koha item type Short Loan
Holdings
Withdrawn status Lost status Source of classification or shelving scheme Damaged status Not for loan Home library Current library Date acquired Inventory number Total Checkouts Full call number Barcode Date last seen Price effective from Koha item type
    Dewey Decimal Classification     MUST Main Library MUST Main Library 30/11/2015 2006/27473   005.72 GRE 2004 2015-2869 30/11/2015 30/11/2015 Short Loan